| 000 | 00672nam a2200169 i 4500 | ||
|---|---|---|---|
| 001 | 183725 | ||
| 003 | ES-MaACL | ||
| 005 | 20230906221947.0 | ||
| 008 | 141003s1913 sp |||| | spa d | ||
| 111 | 2 |
_aCongreso Nacional de la Propiedad Urbana ( _n1º. _d1912. _cMadrid) _9155655 |
|
| 245 | 1 | 0 |
_aCongreso Nacional de la Propiedad Urbana _b: Madrid, 1912 : [actas del celebrado en los días 18 al 22 de mayo de 1912]. |
| 260 |
_aMadrid : _b[s.n.], _c1913 ( _fEst. tip. de Ginés Carrión) |
||
| 300 |
_a196 p. ; _c24 cm. |
||
| 650 | 0 | 4 |
_aPropiedad urbana- _vEspaña. _916502 |
| 852 |
_aES-MaACL _jT-1469-F-3 |
||
| 852 |
_aES-MaACL _jT-1397-F-4 _z.- Enc. en un vol. facticio |
||
| 999 |
_c183725 _d183725 |
||